000 nam a22 a 4500
999 _c423381
_d423381
003 BLK
005 20210710105902.0
008 210709b bu |||||r|||| 00| | bu d
040 _aBLK
041 _aBUL
_cBUL
072 _9178367
_aЦ
_xРедки и ценни
080 _aФренска литература
_b821.133.1
_x(075)
_z821.133.1(075)
100 _91299
_aGeruzez, Eugene
_eпърви автор
139 _aGeruzez, Eugene
245 _aCours de litterature, conforme au plan d'etudes des lycees
_cE. Gеruzez
250 _a14-e ed.
260 _9435974
_aParis
_bMaison Jules Delalain et Fils
_c1867
300 _a224 p.
_c18 cm
380 _a82
490 _9435080
_aКолекция Редки и ценни издания
659 7 _9178164
_aЦ
_xРедки и ценни
852 _aРф 867
_bРц
942 _cKNG
_n0
_s1
944 _aCR
_c2021-07-09
_kА.М.
999 _d423381
999 _d423381